00373nam a2200133Ia 4500003000400000008004100004020002300045040000800068100001800076245008200094260003900176300001300215365001100228LDD181029s9999 xx 000 0 und d a8184041659c350.00 cLDD aGough,Michael 0aVideo Conferencing over IPbConfigure, Secure and TroubleshootcMichael Gough aNew DelhibShroff publishersc2006 axx,314p. b350.00